[Event "81st Tata Steel Challengers 2019"]
[Site "Wijk aan Zee"]
[Date "2019.01.27"]
[Round "13"]
[White "Bareev, Evgeny"]
[Black "Esipenko, Andrey"]
[Result "1-0"]
[WhiteElo "2650"]
[BlackElo "2584"]
[Annotator "TA"]
[PlyCount "85"]
[EventDate "2019.01.12"]
[EventType "tourn"]
[EventCountry "NED"]
[SourceTitle "playchess.com"]
[Source "ChessBase"]
[SourceQuality "1"]

{[%evp 12,85,0,0,0,-14,0,0,0,10,20,22,19,0,28,-16,0,0,0,0,0,0,0,0,0,0,8,0,7,8,27,-10,29,19,18,14,27,32,45,17,20,15,16,45,17,0,47,35,156,160,281,287,400,383,524,525,504,475,508,134,314,169,178,0,324,314,679,645,591,652,29986,29987,29987,312,29988,29989]} 1. d4 Nf6 2. Nf3 g6 3. g3 Bg7 4. Bg2 O-O 5. O-O d5 6. Bf4 c5 7. c3 {LiveBook: 30 Games. D02: 1 d4 d5 2 Nf3 sidelines, including 2...Nf6 3 g3 and 2...Nf6 3 Bf4} (7. dxc5 Nbd7 8. Nc3 Nxc5 9. Qc1 Nfe4 10. Bh6 Nxc3 11. bxc3 Ne4 12. Bxg7 Kxg7 13. c4 dxc4 14. Qf4 Nf6 {0-1 (53) Matuszewski,M (2505)-Kempinski,R (2575) Poland 2018}) 7... Ne4 8. dxc5 Na6 9. Qc1 $146 {The position is equal.} ({Predecessor:} 9. c6 bxc6 10. Nbd2 Qe8 11. Nxe4 dxe4 12. Ne5 g5 13. Bxe4 Nb8 14. Nxc6 Nxc6 15. Bxg5 {0-1 (57) Khan,R (1897)-Goldshtein,S (1936) IECC email 1999}) 9... Naxc5 10. Rd1 Qb6 {Strongly threatening ...Nxf2!} 11. Be3 {And now b4 would win.} Qa6 12. Nbd2 Na4 (12... Qxe2 $2 13. Bf1 $18) 13. Bf1 b5 14. Bd4 Bxd4 15. Nxd4 e5 16. Nxe4 dxe4 17. b3 Nc5 18. Nc2 $1 Be6 19. h4 Qb7 20. h5 Qe7 21. Nb4 a5 (21... gxh5 $6 22. Nc6 $16) 22. Nd5 $1 {[%cal Rd5e7]} Bxd5 $1 23. Rxd5 Rad8 24. Rxd8 Rxd8 25. h6 f5 {[%cal Bf7f5,Bf5f4][%mdl 32]} 26. b4 Ne6 $1 27. bxa5 f4 $1 28. Qe1 Qg5 29. Bh3 Nc5 (29... Nc7 $14) 30. Rd1 $1 $16 Re8 (30... fxg3 $16 31. Rxd8+ Qxd8) 31. Qd2 $18 {Black must now prevent Qd5+.} Qxh6 32. Qd5+ Kh8 33. Qc6 (33. Qxc5 Qxh3 34. Qxb5 Re7 $18) 33... Qf8 {Now ...e3 and Black clings on.} 34. Rd5 Nd3 35. Qd6 $2 (35. Rd6 $18 {is more deadly.} Nxf2 36. Kxf2) 35... Qf7 $2 {[#]} (35... Nc1 $16) 36. Qd7 (36. exd3 fxg3 37. fxg3 Qf3 $14) (36. g4 $142 $1) 36... Qf8 37. Qd6 ({Worse is} 37. Rxb5 fxg3 38. fxg3 Qf2+ 39. Kh1 Qe1+ 40. Kh2 Qxe2+ 41. Bg2 Rf8 $11) (37. exd3 $142 fxg3 38. Qa7 (38. fxg3 e3 $16)) 37... Qf7 $1 {[#] aiming for ...fxg3.} 38. g4 $1 {[%cal Bg3g4,Bg4g5][%mdl 32]} (38. exd3 fxg3 39. fxg3 Qf3 $16) 38... Nc1 $2 (38... f3 39. exd3 e3 40. Rxe5 e2) 39. Rxe5 Nxe2+ 40. Kh2 {Rxe8+ is the strong threat.} e3 41. Rxe8+ Qxe8 42. Qf6+ Kg8 43. g5 {Accuracy: White = 56%, Black = 47%.} 1-0

[Event "81st Tata Steel Challengers 2019"]
[Site "Wijk aan Zee"]
[Date "2019.01.27"]
[Round "13"]
[White "L'Ami, Erwin"]
[Black "Paehtz, Elisabeth"]
[Result "1-0"]
[WhiteElo "2643"]
[BlackElo "2477"]
[Annotator "TA"]
[PlyCount "63"]
[EventDate "2019.01.12"]
[EventType "tourn"]
[EventCountry "NED"]
[SourceTitle "playchess.com"]
[Source "ChessBase"]
[SourceQuality "1"]

{[%evp 9,63,16,43,50,52,26,47,25,19,24,24,23,28,33,40,46,46,41,46,28,19,32,25,17,29,16,150,136,120,129,131,124,121,115,126,124,118,111,125,116,302,304,286,287,811,811,1190,1169,29996,1296,1295,1295,1120,671,29996,29997]} 1. d4 e6 2. c4 Bb4+ 3. Bd2 a5 4. e3 (4. Nf3 d5 5. Qc2 Nf6 6. g3 c5 7. Bg2 cxd4 8. cxd5 Nxd5 9. Nxd4 O-O 10. O-O Qb6 11. e3 Bd7 12. Nc3 Nf6 13. a3 Bc5 14. Nf3 Rc8 {0-1 (73) Esipenko,A (2593)-Short,N (2646) Moscow 2018}) 4... b6 5. Qg4 $146 ({Predecessor:} 5. Qf3 c6 6. Nc3 Nf6 7. Bd3 d5 8. Nge2 Ba6 9. b3 O-O 10. O-O Nbd7 11. a3 Be7 {½-½ (55) Zambo,Z (2389)-Berebora,F (2407) Hungary 2012}) 5... Qf6 6. Nc3 {A40: Unusual replies to 1 d4} Bb7 7. Nf3 h5 8. Qg3 {White is slightly better.} (8. Qh3 {keeps more tension.} d6 9. Nb5 Bxf3 10. gxf3 Bxd2+ 11. Kxd2 Na6 12. Qg2) 8... Bd6 9. Qg5 Qxg5 10. Nxg5 f6 11. Nf3 {[%cal Bg5f3,Bf3d4,Bd4b5][%mdl 32]} g5 12. Nb5 $36 {[%mdl 2048] And now c5! would win. White has the initiative.} Na6 13. Nxd6+ cxd6 14. Bc3 Ne7 15. d5 Kf7 16. Nd4 exd5 17. Nb5 Ke6 (17... Bc6 $1 $11) 18. Rd1 Nf5 19. cxd5+ Bxd5 20. Rxd5 Kxd5 21. e4+ Kxe4 {[#]} 22. Bc4 $1 d5 23. f3+ {[%cal Bf2f3,Bf3g4][%mdl 32]} Kf4 24. Bxd5 {Black must now prevent Kf2.} g4 $2 (24... Rac8 $16 {was worth a try.}) 25. O-O $18 {Intending fxg4+ and mate.} Ne3 26. g3+ Kf5 $2 (26... Kg5 27. Bd2 Rae8) 27. fxg4+ Kg6 28. Rxf6+ Kg5 29. Bxa8 (29. Nd6 $142 Kxg4 30. Bf3+ Kh3 31. Ne4 Rh7 32. Ng5#) 29... Rxa8 30. Nd6 {White threatens Ne4+ and mate.} Kxg4 31. Bd2 {Nf7 would kill now.} Nd5 {[#]} 32. Kg2 $1 {[%mdl 512] Precision: White = 83%, Black = 33%.} 1-0

[Event "81st Tata Steel Challengers 2019"]
[Site "Wijk aan Zee"]
[Date "2019.01.27"]
[Round "13"]
[White "Gledura, Benjamin"]
[Black "Chigaev, Maksim"]
[Result "1-0"]
[WhiteElo "2615"]
[BlackElo "2604"]
[Annotator "TA"]
[PlyCount "63"]
[EventDate "2019.01.12"]
[EventType "tourn"]
[EventCountry "NED"]
[SourceTitle "playchess.com"]
[Source "ChessBase"]
[SourceQuality "1"]

{[%evp 13,63,35,42,44,31,16,24,16,36,20,21,14,22,21,16,25,38,38,18,22,59,60,60,56,63,60,90,57,51,41,128,126,135,131,181,135,201,195,197,197,195,195,195,187,243,263,253,256,323,323,316,261]} 1. Nf3 g6 2. e4 Bg7 3. d4 d6 4. Be2 Nf6 5. Nc3 O-O 6. O-O Nbd7 7. Be3 e5 8. dxe5 {B08: Pirc Defence: Classical System} dxe5 9. Nd2 (9. Bc4 Qe7 10. Qd2 Nb6 11. Bb3 Bg4 12. Ne1 c5 13. f3 Bd7 14. a4 Bc6 15. a5 Nbd7 {1-0 (24) Kramnik,V (2811)-Svidler,P (2747) Zuerich 2017}) 9... Qe7 10. f3 $146 {White has an edge.} ({Predecessor:} 10. Nc4 Rd8 11. Qe1 Nb6 12. f3 Nxc4 13. Bxc4 Be6 14. Bb3 Nd7 15. Bxe6 Qxe6 {0-1 (30) Gloor,R (2357)-Tazbir,M (2530) Ruzomberok 2014}) 10... b6 11. a4 a5 12. Qe1 Nc5 13. Nc4 Bb7 14. Qh4 Rfe8 15. Rfd1 Ne6 16. Nb5 Nd7 17. Qxe7 Rxe7 18. Bf2 Ndc5 19. Ne3 Nd4 20. Bc4 Rd7 21. c3 Nxb5 (21... c6 $1 $14) 22. axb5 $16 Rxd1+ 23. Rxd1 a4 24. Nd5 Bf8 (24... Bxd5 $16 25. Bxd5 (25. Rxd5 Bf8 $14) 25... Rc8 26. Bxc5 bxc5) 25. Nxc7 $18 Rc8 26. Nd5 Bxd5 27. Bxd5 ({Don't do} 27. exd5 $6 a3 $16) 27... Kg7 28. Kf1 Rc7 (28... a3 $142) 29. Ra1 f5 {White has a decisive advantage.} 30. Bxc5 Rxc5 31. Rxa4 fxe4 32. Bxe4 {Accuracy: White = 82%, Black = 53%.} 1-0

[Event "81st Tata Steel Challengers 2019"]
[Site "Wijk aan Zee"]
[Date "2019.01.27"]
[Round "13"]
[White "Van Foreest, Lucas"]
[Black "Korobov, Anton"]
[Result "1/2-1/2"]
[WhiteElo "2502"]
[BlackElo "2699"]
[Annotator "TA"]
[PlyCount "35"]
[EventDate "2019.01.12"]
[EventType "tourn"]
[EventCountry "NED"]
[SourceTitle "playchess.com"]
[Source "ChessBase"]
[SourceQuality "1"]

{[%evp 18,35,37,35,27,0,0,-33,0,0,0,0,0,0,0,0,0,0,0,0]} 1. e4 c5 2. Nf3 Nc6 3. Bb5 e6 4. O-O Nge7 5. d4 cxd4 6. Nxd4 Qb6 7. Nxc6 {B30: Sicilian: 2...Nc6 3 Bb5, lines without ...g6} bxc6 8. Be2 (8. Bd3 Ng6 9. c4 Bc5 10. Nc3 Qc7 11. Kh1 e5 12. Na4 Bd4 13. c5 d6 14. Be3 dxc5 15. Nxc5 Bxb2 {0-1 (56) Adams,M (2712)-Adhiban,B (2668) Douglas 2018}) 8... Ng6 9. c4 Be7 10. Nc3 {LiveBook: 5 Games} c5 11. Be3 $146 ({Predecessor:} 11. Rb1 O-O 12. f4 d6 13. Be3 a5 14. Qb3 Qxb3 15. axb3 {½-½ (38) Martin Sanchez,C (2418)-Woltmann,M (2292) ICCF email 2013}) 11... Qxb2 12. Nb5 {[#] Hoping for Nc7+.} O-O 13. f4 {Rb1 is the strong threat.The position is equal.} a6 14. Rb1 Qxa2 15. Ra1 Qb2 16. Rb1 Qa2 17. Ra1 Qb2 18. Rb1 1/2-1/2

[Event "81st Tata Steel Challengers 2019"]
[Site "Wijk aan Zee"]
[Date "2019.01.27"]
[Round "13"]
[White "Keymer, Vincent"]
[Black "Maghsoodloo, Parham"]
[Result "1/2-1/2"]
[WhiteElo "2500"]
[BlackElo "2679"]
[Annotator "TA"]
[PlyCount "70"]
[EventDate "2019.01.12"]
[EventType "tourn"]
[EventCountry "NED"]
[SourceTitle "playchess.com"]
[Source "ChessBase"]
[SourceQuality "1"]

{[%evp 18,70,18,0,16,25,16,13,52,41,41,61,41,39,32,32,34,52,78,35,36,32,50,32,56,27,41,45,36,40,42,31,44,40,72,64,58,59,68,0,0,0,0,0,0,0,0,0,0,0,0,0,0,0,0]} 1. d4 Nf6 2. c4 g6 3. g3 Bg7 4. Bg2 d5 5. cxd5 Nxd5 6. Nf3 Nb6 7. Nc3 Nc6 8. e3 O-O 9. O-O Re8 10. h3 a5 {D76: Fianchetto Grünfeld: Main Line with 7...Nb6} 11. d5 {[%cal Bd4d5,Bd5c6][%mdl 32]} Bxc3 (11... Ne5 12. Nxe5 Bxe5 13. e4 e6 14. Bh6 exd5 15. exd5 Bd7 16. Re1 a4 17. Rc1 Ra5 18. Qd3 {1-0 (52) Bacrot,E (2720)-Cheparinov,I (2682) Dubai 2014}) 12. dxc6 Qxd1 $146 (12... Bf6 {keeps more tension.} 13. Qc2 bxc6 14. e4 e5 15. Rd1 Bd7) ({Predecessor:} 12... Bf6 13. Qe2 bxc6 14. Rd1 Ba6 15. Qc2 Qc8 16. e4 Nc4 17. Rb1 Rd8 18. Bf4 {½-½ (34) Rohan,A (2411)-Puranik,A (2443) Olongapo City 2015}) 13. Rxd1 Bg7 14. Nd4 Rb8 15. Bd2 {[%cal Bc1d2,Bd2c3,Bc3b4][%mdl 32]} Nc4 16. Bc3 a4 17. Rac1 Nd6 18. Bb4 b6 19. Bf1 Ra8 20. Rc2 Bxd4 21. Rxd4 Be6 22. a3 f6 23. Rcd2 Kf8 24. g4 Red8 25. f4 Ke8 26. e4 Nf7 27. Bc3 Rd6 28. Bb5 (28. Rxd6 $14 Nxd6 29. Rd4) 28... Bb3 $11 {The position is equal.} 29. Bb4 Rxd4 30. Rxd4 Rd8 31. Rxd8+ Kxd8 32. Kf2 e5 33. Ke3 exf4+ 34. Kxf4 Ke8 35. Ke3 Ne5 {Accuracy: White = 75%, Black = 50%.} 1/2-1/2

[Event "81st Tata Steel Challengers 2019"]
[Site "Wijk aan Zee"]
[Date "2019.01.27"]
[Round "13"]
[White "Saduakassova, Dinara"]
[Black "Praggnanandhaa R"]
[Result "1/2-1/2"]
[WhiteElo "2472"]
[BlackElo "2539"]
[Annotator "TA"]
[PlyCount "71"]
[EventDate "2019.01.12"]
[EventType "tourn"]
[EventCountry "NED"]
[SourceTitle "playchess.com"]
[Source "ChessBase"]
[SourceQuality "1"]

{[%evp 16,71,0,0,39,14,28,0,19,0,0,0,0,0,-3,0,0,0,13,-7,0,0,0,0,4,0,0,0,13,4,21,21,23,-52,-46,-60,-64,-74,-68,-67,-66,-128,0,-81,0,0,0,0,0,0,0,0,0,0,0,0,0,0]} 1. Nf3 Nf6 2. c4 e6 3. g3 d5 4. Bg2 d4 5. O-O {[%cal Bh1f1,Bf1e1,Be1e5][%mdl 32]} c5 6. d3 Nc6 7. e3 {A09: Réti Opening: 1 Nf3 d5 2 c4} Bd6 8. exd4 cxd4 9. Na3 {LiveBook: 65 Games} a5 $146 ({Predecessor:} 9... O-O 10. Nc2 e5 11. b4 Re8 12. b5 Nb8 13. Bg5 Nbd7 14. Nd2 Qc7 15. f4 exf4 16. Bxf4 {1-0 (28) Adhiban,B (2682)-Cheparinov,I (2711) Zagreb 2018}) 10. Re1 O-O 11. Nb5 e5 12. c5 Bxc5 13. Nxe5 Nxe5 14. Rxe5 Qb6 15. a4 Bg4 16. Bf3 Bd7 17. Bd2 Rfe8 18. Rxc5 Qxc5 19. Rc1 Qf5 20. Nd6 Qxd3 {aiming for ...Re6.} 21. Nxe8 Bxe8 22. Be1 Qf5 23. Bxb7 Rb8 24. Qf3 (24. Ba6 $11) 24... Qg5 $15 25. Rd1 Qc5 26. b3 Bd7 27. Ba6 Re8 $1 {And now ...Bc6 would win.} 28. Qf4 {[#]} ({White should play} 28. Qd3 $15) 28... Bc6 (28... Ng4 $1 $17 29. h3 Ne5) 29. Bb5 (29. Rc1 $1 $11 {keeps the balance.} Qd5 {[#]} 30. f3 $1 {[%mdl 512]}) 29... Nd5 ({Black should try} 29... Bxb5 $17 30. axb5 Ne4) 30. Qc1 $11 {The position is equal.} Nc3 31. Bxc3 $1 dxc3 32. Rd3 c2 33. Rd2 Bxb5 34. axb5 Qxb5 {Hoping for ...a4.} 35. Qxc2 h5 36. Qd1 {Accuracy: White = 46%, Black = 57%.} 1/2-1/2